000
00243 a2200097 4500
020
_a
9780195742381
245
_a
Head start Secondary English 3
250
_a
Rev. ed.
260
_b
Oxford University Press East Africa Limited
_c
2005
942
_c
BK
999
_c
57955
_d
57955